<?xml version="1.0" encoding="UTF-8"?>
<record
    xmlns:xsi="http://www.w3.org/2001/XMLSchema-instance"
    xsi:schemaLocation="http://www.loc.gov/MARC21/slim http://www.loc.gov/standards/marcxml/schema/MARC21slim.xsd"
    xmlns="http://www.loc.gov/MARC21/slim">

  <leader>01020nam a2200169Ia 4500</leader>
  <controlfield tag="001">6553</controlfield>
  <controlfield tag="008">260430s9999    xx            000 0 und d</controlfield>
  <datafield tag="020" ind1=" " ind2=" ">
    <subfield code="a">9781906598648</subfield>
  </datafield>
  <datafield tag="245" ind1=" " ind2="0">
    <subfield code="a">Re:Viewing Egypt: </subfield>
    <subfield code="b">Image and Echo/ </subfield>
    <subfield code="c">Photographs: Xavier Roy, Text: Gamal Al-Ghitani</subfield>
  </datafield>
  <datafield tag="260" ind1=" " ind2=" ">
    <subfield code="a">London; </subfield>
    <subfield code="b">Haus Publishing Limited; </subfield>
    <subfield code="c">2010</subfield>
  </datafield>
  <datafield tag="300" ind1=" " ind2=" ">
    <subfield code="a">147p; </subfield>
    <subfield code="c">25x23cm</subfield>
  </datafield>
  <datafield tag="520" ind1=" " ind2=" ">
    <subfield code="a">This book is a photographic exploration of Egypt by Xavier Roy, presenting a visually rich interpretation of the country&#x2019;s landscapes, people, and cultural textures. The images emphasize themes such as light, repetition, and symbolism, encouraging viewers to interpret photography as metaphor rather than mere documentation. Accompanied by a reflective introduction by Gamal Al-Ghitani, the work blends visual art with literary insight, offering both an aesthetic and contemplative engagement with Egyptian identity and everyday life</subfield>
  </datafield>
  <datafield tag="546" ind1=" " ind2=" ">
    <subfield code="a">English</subfield>
  </datafield>
  <datafield tag="650" ind1=" " ind2=" ">
    <subfield code="a">TR624-835 Technology- Applied Photography</subfield>
  </datafield>
  <datafield tag="651" ind1=" " ind2=" ">
    <subfield code="a">Egypt</subfield>
  </datafield>
  <datafield tag="942" ind1=" " ind2=" ">
    <subfield code="c">BK</subfield>
  </datafield>
  <datafield tag="999" ind1=" " ind2=" ">
    <subfield code="c">6553</subfield>
    <subfield code="d">6553</subfield>
  </datafield>
  <datafield tag="952" ind1=" " ind2=" ">
    <subfield code="0">0</subfield>
    <subfield code="1">0</subfield>
    <subfield code="4">0</subfield>
    <subfield code="7">0</subfield>
    <subfield code="8">T</subfield>
    <subfield code="a">SAFL </subfield>
    <subfield code="b">PHGAL</subfield>
    <subfield code="d">2026-04-27</subfield>
    <subfield code="l">0</subfield>
    <subfield code="o">TR624-835 52.348</subfield>
    <subfield code="p">6553</subfield>
    <subfield code="r">2026-04-30</subfield>
    <subfield code="w">2026-04-30</subfield>
    <subfield code="y">BK</subfield>
  </datafield>
</record>
